<?xml version="1.0" encoding="UTF-8"?>
<record
    xmlns:xsi="http://www.w3.org/2001/XMLSchema-instance"
    xsi:schemaLocation="http://www.loc.gov/MARC21/slim http://www.loc.gov/standards/marcxml/schema/MARC21slim.xsd"
    xmlns="http://www.loc.gov/MARC21/slim">

  <leader>03699nam a2200565Ia 4500</leader>
  <controlfield tag="001">374</controlfield>
  <controlfield tag="008">241029s9999    xx            000 0 und d</controlfield>
  <datafield tag="010" ind1=" " ind2=" ">
    <subfield code="a">341</subfield>
  </datafield>
  <datafield tag="041" ind1=" " ind2=" ">
    <subfield code="a">Espa&#xF1;ol</subfield>
  </datafield>
  <datafield tag="082" ind1=" " ind2=" ">
    <subfield code="a">NO APLICA</subfield>
  </datafield>
  <datafield tag="245" ind1=" " ind2="0">
    <subfield code="a">Influencia de la deserci&#xF3;n escolar en el desarrollo socio-afectivo en los estudiantes del primer ciclo del nivel medio del liceo nocturno Tiburcio Mill&#xE1;n L&#xF3;pez, Distrito Educativo 05-03, La Romana, durante el Per&#xED;odo Escolar 2011-2012, Rep&#xFA;blica Dominicana</subfield>
  </datafield>
  <datafield tag="260" ind1=" " ind2=" ">
    <subfield code="a">Santo Domingo</subfield>
  </datafield>
  <datafield tag="300" ind1=" " ind2=" ">
    <subfield code="a">122</subfield>
  </datafield>
  <datafield tag="520" ind1=" " ind2=" ">
    <subfield code="a">9</subfield>
  </datafield>
  <datafield tag="630" ind1=" " ind2=" ">
    <subfield code="a">Aprendizaje Significativo</subfield>
  </datafield>
  <datafield tag="630" ind1=" " ind2=" ">
    <subfield code="a">Deserci&#xF3;n Estudiantil</subfield>
  </datafield>
  <datafield tag="630" ind1=" " ind2=" ">
    <subfield code="a">Docentes</subfield>
  </datafield>
  <datafield tag="630" ind1=" " ind2=" ">
    <subfield code="a">Estudiantes</subfield>
  </datafield>
  <datafield tag="650" ind1=" " ind2=" ">
    <subfield code="a">Gesti&#xF3;n Educativa</subfield>
  </datafield>
  <datafield tag="690" ind1=" " ind2=" ">
    <subfield code="a">Elaborado</subfield>
  </datafield>
  <datafield tag="700" ind1=" " ind2=" ">
    <subfield code="e">asesor</subfield>
    <subfield code="a">Adames , Adalberto </subfield>
  </datafield>
  <datafield tag="700" ind1=" " ind2=" ">
    <subfield code="e">autor</subfield>
    <subfield code="a">De la Cruz Bonett, Mar&#xED;a Antonia </subfield>
  </datafield>
  <datafield tag="700" ind1=" " ind2=" ">
    <subfield code="e">autor</subfield>
    <subfield code="a">Nieve Jos&#xE9; , Ram&#xF3;n</subfield>
  </datafield>
  <datafield tag="901" ind1=" " ind2=" ">
    <subfield code="a">{"1":"De la Cruz Bonett","2":"Nieve Jos&#xE9; "}</subfield>
    <subfield code="b">{"1":"Mar&#xED;a Antonia ","2":"Ram&#xF3;n"}</subfield>
  </datafield>
  <datafield tag="902" ind1=" " ind2=" ">
    <subfield code="a">1</subfield>
  </datafield>
  <datafield tag="903" ind1=" " ind2=" ">
    <subfield code="a">{"1":"Adames "}</subfield>
    <subfield code="b">{"1":"Adalberto "}</subfield>
  </datafield>
  <datafield tag="904" ind1=" " ind2=" ">
    <subfield code="a">Maestr&#xED;a en</subfield>
  </datafield>
  <datafield tag="905" ind1=" " ind2=" ">
    <subfield code="a">Ciencias de la Educaci&#xF3;n</subfield>
  </datafield>
  <datafield tag="906" ind1=" " ind2=" ">
    <subfield code="a">1</subfield>
  </datafield>
  <datafield tag="907" ind1=" " ind2=" ">
    <subfield code="a">Menci&#xF3;n en</subfield>
  </datafield>
  <datafield tag="908" ind1=" " ind2=" ">
    <subfield code="a">Gesti&#xF3;n de Centros Educativos</subfield>
  </datafield>
  <datafield tag="909" ind1=" " ind2=" ">
    <subfield code="a">Universidad Abierta para Adultos (UAPA), Recinto Santo Domingo Oriental</subfield>
  </datafield>
  <datafield tag="910" ind1=" " ind2=" ">
    <subfield code="a">NULL</subfield>
    <subfield code="b">NULL</subfield>
  </datafield>
  <datafield tag="911" ind1=" " ind2=" ">
    <subfield code="a">["1"]</subfield>
  </datafield>
  <datafield tag="912" ind1=" " ind2=" ">
    <subfield code="a">NO APLICA</subfield>
  </datafield>
  <datafield tag="913" ind1=" " ind2=" ">
    <subfield code="a">NULL</subfield>
  </datafield>
  <datafield tag="914" ind1=" " ind2=" ">
    <subfield code="a">01 de Septiembre de 2012</subfield>
  </datafield>
  <datafield tag="915" ind1=" " ind2=" ">
    <subfield code="a">20/07/15 03:07</subfield>
  </datafield>
  <datafield tag="916" ind1=" " ind2=" ">
    <subfield code="a">NULL</subfield>
  </datafield>
  <datafield tag="917" ind1=" " ind2=" ">
    <subfield code="a">NULL</subfield>
  </datafield>
  <datafield tag="918" ind1=" " ind2=" ">
    <subfield code="a">NO APLICA</subfield>
  </datafield>
  <datafield tag="919" ind1=" " ind2=" ">
    <subfield code="a">["20","64","70","96"]</subfield>
  </datafield>
  <datafield tag="520" ind1=" " ind2=" ">
    <subfield code="a">Los objetivos principales del estudio consistieron en determinar la influencia de la deserci&#xF3;n escolar en el desarrollo socio-afectivo en los estudiantes del &#xA0;primer ciclo del nivel medio del Liceo Nocturno Tiburcio Mill&#xE1;n L&#xF3;pez, Distrito Educativo 05-03, La Romana, durante el periodo escolar &#xA0;2011-2012 Rep&#xFA;blica Dominicana, identificar los factores asociados a la deserci&#xF3;n escolar y determinar las estrategias utilizadas por los docentes para hacer frente a la deserci&#xF3;n escolar.La metodolog&#xED;a utilizada fue de dise&#xF1;o experimental de tipo descriptivo, se fundament&#xF3; en el m&#xE9;todo deductivo, inductivo y estad&#xED;stico y como t&#xE9;cnica se utiliz&#xF3; la entrevista, la encuesta y el an&#xE1;lisis.Se trabaj&#xF3; con una poblaci&#xF3;n de 64 estudiantes del Primer Ciclo del Nivel Medio y 22 docentes del Liceo Nocturno Tiburcio Mill&#xE1;n L&#xF3;pez. como muestra se tomo 47 estudiantes y 4 maestros.&#xA0;El estudio concluy&#xF3; que las estrategias utilizadas para reducir la deserci&#xF3;n escolar son; son charlas de motivaci&#xF3;n personal, desarrollo de un ambiente positivo, reforzamiento de los contenidos del grado anterior, y concientizar sobre la necesidad de prepararse para la vida, la desigualdad familiar son los principales factores de la deserci&#xF3;n escolar seg&#xFA;n el 51%de los encuestados. Tambi&#xE9;n otro factor importante es el econ&#xF3;mico, ya que el 74% de los desertores ganan menos de 4,000 pesos mensuales, el 60% es empleado p&#xFA;blico o privado de igual forma se determin&#xF3; que el 71% de los desertores dej&#xF3; de asistir poco a poco.El estudio recomend&#xF3; que nombren orientadores para la tanda nocturna a fin de que funcione el Departamento de Psicolog&#xED;a, que el equipo directivo organice una jornada de capacitaci&#xF3;n, para orientar a los estudiantes nocturnos acerca de la importancia de la estabilidad familiar, y como prevenir la desintegraci&#xF3;n en la familia y que se cree un proyecto creativo par motivar a los j&#xF3;venes a mantenerse interesados para culminar su estudios secundarios.&#xA0;&#xA0;</subfield>
  </datafield>
  <datafield tag="921" ind1=" " ind2=" ">
    <subfield code="a">16</subfield>
  </datafield>
  <datafield tag="922" ind1=" " ind2=" ">
    <subfield code="a">16</subfield>
  </datafield>
  <datafield tag="923" ind1=" " ind2=" ">
    <subfield code="a">0</subfield>
  </datafield>
  <datafield tag="924" ind1=" " ind2=" ">
    <subfield code="a">NO APLICA</subfield>
  </datafield>
  <datafield tag="942" ind1=" " ind2=" ">
    <subfield code="c">Tesis</subfield>
  </datafield>
  <datafield tag="999" ind1=" " ind2=" ">
    <subfield code="c">341</subfield>
    <subfield code="d">341</subfield>
  </datafield>
</record>
